|
|
|
|
| LEADER |
00000nam0a2200000 4500 |
| 001 |
144395 |
| 005 |
20231101221107.0 |
| 010 |
|
|
|a 9785902665366
|
| 035 |
|
|
|a (RuTPU)RU\TPU\book\156485
|
| 090 |
|
|
|a 144395
|
| 100 |
|
|
|a 20081002d2008 km y0rusy50 ca
|
| 101 |
0 |
|
|a rus
|
| 102 |
|
|
|a RU
|
| 105 |
|
|
|a a z 001zy
|
| 200 |
1 |
|
|a Прикладные задачи разработки нефтегазоконденсатных месторождений и нефтегазодобычи
|f А. П. Телков, С. И. Грачев
|
| 210 |
|
|
|a Москва
|c ЦентрЛитНефтеГаз
|d 2008
|
| 215 |
|
|
|a 512 с.
|c ил.
|
| 225 |
1 |
|
|a Высшее нефтегазовое образование
|
| 320 |
|
|
|a Библиогр.: с. 435-449.
|
| 330 |
|
|
|a В работе рассматриваются сложные пространственные задачи теории фильтрации, связанные с прикладными проблемами проектирования, разработки нефтяных, нефтегазовых и газовых месторождений и нефтегазодобычи: — Изложены аналитические решения неустановившейся и установившейся пространственной фильтрации сжимаемой и несжимаемой жидкости и газа, в основу которых положены классические работы области подземной гидромеханики С.Я. Лейбензона, В.Н. Щелкачева, И.Л. Парного, М. Маскета и других выдающихся ученых; — Дано обоснование физико-математических моделей и методов решения основных задач проектирования и разработки газовых и нефтегазоконденсатных залежей; — Изложены методы расчета добавочных фильтрационных сопротивлений, исследованы основные аналитические решения, сложные функции рассчитаны на ЭВМ и затабулированы; — Рассмотрены решения основных задач теории фильтрации в двойных средах, а также приток жидкости и газа к трещинам ГРП; изложены основы фильтрации жидкости и газа в деформируемых пластах; — Рассмотрены задачи вытеснения и фильтрация газоконденсатной смеси в различной постановке. Существенное внимание уделено задачам гидрогазотермодинамической системе "пласт—скважина—массив горных пород".
|
| 606 |
1 |
|
|a Нефтеконденсатные месторождения
|x Системы разработки
|x Эксплуатация
|2 stltpush
|3 (RuTPU)RU\TPU\subj\45704
|9 64896
|
| 610 |
1 |
|
|a нефтедобывающая промышленность
|
| 610 |
1 |
|
|a нефтегазоконденсатные месторождения
|
| 610 |
1 |
|
|a сжимаемые жидкости
|
| 610 |
1 |
|
|a пространственная фильтрация
|
| 610 |
1 |
|
|a газ
|
| 610 |
1 |
|
|a аналитические решения
|
| 610 |
1 |
|
|a газовые залежи
|
| 610 |
1 |
|
|a нефтегазоконденсатные залежи
|
| 610 |
1 |
|
|a разработка
|
| 610 |
1 |
|
|a проектирование
|
| 610 |
1 |
|
|a физико-математические модели
|
| 610 |
1 |
|
|a расчет
|
| 610 |
1 |
|
|a сложные функции
|
| 610 |
1 |
|
|a двойные среды
|
| 610 |
1 |
|
|a пласты
|
| 610 |
1 |
|
|a гидравлический разрыв
|
| 610 |
1 |
|
|a деформируемые пласты
|
| 610 |
1 |
|
|a параметры
|
| 610 |
1 |
|
|a вытеснение
|
| 610 |
1 |
|
|a теплообмен
|
| 610 |
1 |
|
|a тепловой режим
|
| 675 |
|
|
|a 622.276
|v 3
|
| 700 |
|
1 |
|a Телков
|b А. П.
|g Александр Прокофьевич
|
| 701 |
|
1 |
|a Грачев
|b С. И.
|g Сергей Иванович
|
| 801 |
|
1 |
|a RU
|b 63413507
|c 20081002
|g PSBO
|
| 801 |
|
2 |
|a RU
|b 63413507
|c 20150723
|g PSBO
|
| 900 |
|
|
|a Разработка нефтяных и газовых месторождений
|
| 900 |
|
|
|a Разработка нефтяных месторождений
|
| 900 |
|
|
|a Промыслово-технологические модели процессов нефтегазодобычи
|
| 942 |
|
|
|c BK
|
| 959 |
|
|
|a 86/20081002
|d 1
|e 1275,00
|f ЧЗТЛ:1
|
| 959 |
|
|
|a 33/20110325
|d 3
|e 655,00
|f УФ:3
|